• 首页
  • 本馆介绍
  • 公告通知
  • 最新文献
  • 馆藏检索
  • 电子资源
  • 读者导购
  • 参考咨询
  • 我的图书馆
  • 登录
  • 详细信息显示
  • 放入我的书架
  • 预约/预借图书
  • 作者相关作品
  • 分类相关作品
  • 丛书相关作品
  • 出版社相关作品

书目信息

  • 表格格式
  • 工作单格式
  • 卡片格式
题名:
现代意汉汉意词典
    
 
作者: 王军 , 王焕宝 著
分册:  
出版信息: 北京   外语教学与研究出版社  2000
页数: 1727
开本: 19cm
丛书名:
单 册:
中图分类: H77
科图分类:
主题词: 罗曼语族
电子资源:
ISBN: 7-5600-0879-8
000 00577nam0 2200193 450
001 0758474734
005 20070817161434.73
010    @a7-5600-0879-8@b精装@dCNY 59.90
100    @a20070817d km y0chiy0120 ea
101 0  @achi
200 1  @a现代意汉汉意词典@Axian dai yi han han yi ci dian@f王焕宝,王军著@Fwang huan bao,wang jun zhu
210    @a北京@c外语教学与研究出版社@d2000
215    @a1727@d19cm
606 0  @a罗曼语族
690    @aH77@v3
701  0 @a王军@Awang jun@4著
701  0 @a王焕宝@Awang huan bao@4著
801  0 @aCN@bPFT@c20070817
905    @a213230@dH77@eY1@f1
    
    现代意汉汉意词典/王焕宝,王军著.-北京:外语教学与研究出版社,2000
    1727;19cm
    
    
    ISBN 7-5600-0879-8(精装):CNY 59.90
    
●
相关链接 在E读中查询图书 在五车中查询图书 在当当中查询图书 在豆瓣中查询图书


正题名:现代意汉汉意词典     索取号:H77/Y1         预约/预借

序号 登录号 条形码 馆藏地/架位号 状态 备注
1 7401231   274012310   密集书库-音乐系/ [索取号:H77/Y1] 在馆    
唐山师范学院图书馆 欢迎您!
大连网信软件有限公司© 版权所有